00846nam a2200277 a 450000100100000000500170001000800410002702000150006804000250008324500820010826000310019030000210022150000370024270000230027970000220030270000270032470000280035170000270037970000230040670000200042970000260044970000250047570000230050070000260052370000190054900004317020201002040707.0140220s2002 sp 000 0 spa d a8403092849 aDO-SdBNPbspacBNPHU00aChile y España :bdiálogos y encuentros /cJoaquín Almunia... [et.al.]. aMadrid, :bAguilar,c2002. a215 p. ;c24 cm. aIncluye notas a pie de páginas12aAlmunia, Joaquín12aArriagada, Genaro12aCalvo Sotelo, Leopoldo12aGómez Navarro, Javier12aInsulza, José Miguel12aLeguina, Joaquín12aOminami, Carlos12aLafuente, Fernando R.12aSomerville, Hernán12aSquella, Agustín12aVelarde Fuertes, Juan12aZurita, Raúl